| 000 | 00688nam a2200253 i 4500 | ||
|---|---|---|---|
| 003 | DO-SdBNP | ||
| 005 | 20241007083216.0 | ||
| 007 | ta | ||
| 008 | 240407s2010 dr 000 p spa d | ||
| 020 | _a9788493750282 | ||
| 040 |
_aDO-SdBNP _bspa _cBNPHU _erda |
||
| 082 |
_bD546s _222 |
||
| 100 |
_aDicent, Juan _eautor _d1969- _985194 |
||
| 245 | 1 | 3 |
_aSummertime / _cJuan Dicent |
| 250 | _a4a. edición | ||
| 264 |
_aSanto Domingo : _bUniversos, _c2010 |
||
| 300 |
_a132 páginas _c21 cm. |
||
| 336 |
_2rdacontent _atexto _btxt |
||
| 337 |
_2rdamedia _asin mediación _bn |
||
| 338 |
_2rdacarrier _avolumen _bnc |
||
| 590 | _aInventariado, 2024 / DG | ||
| 910 | _aDG | ||
| 942 |
_2ddc _cLBS1 |
||
| 999 |
_c57763 _d57763 |
||